000 00670aas a2200229 4500
999 _c972
_d972
003 BR-BrBNA
005 20230317232953.0
007 ta
008 230119b bl ||||| |||| 00| 0 por d
022 _a0367-9918
035 _a000485-5
040 _aBR-BrBNA
_bPor
_cBR-BrBNA
042 _a047744-3
044 _abl
245 _aMemória - Ministério da Agricultura - Instituto de Química Agrícola (Brazil)
260 _aRio de Janeiro-RJ
_bInstituto de Química Agrícola
_c1929. Data final de publicação em 1944
_eBRJ
310 _airregular
505 _a1931 (3); 1937 (4-5); 1944 (6);
650 1 2 _gQUIMICA AGRICOLA
909 _a56
_bSergio Santos
_c56
_dSergio Santos
942 _cCR
_2AGRIS